Estimating the Ukrainian Companies’ Financial Potential and the Probability of Forced Liquidation

Metodika na odhadovanie možnosti likvidácie spoločnosti v dôsledku zavedenia konkurzného konania a na určenie finančného potenciálu spoločnosti založeného na ukrajinskej ekonomike. Štatistické zisťovania o činnosti ukrajinských spoločností. Štvorfaktorový model na odhadovanie možnosti likvidácie spo...

Ausführliche Beschreibung

Gespeichert in:
Bibliographische Detailangaben
1. Verfasser: Burkova, Liudmyla
Weitere Verfasser: Shura, Natalia, Nusinov, Volodymyr
Format: Buchkapitel
Sprache:Englisch
Schlagworte:
Tags: Tag hinzufügen
Keine Tags, Fügen Sie das erste Tag hinzu!

MARC

LEADER 00000naa a2200000 4500
001 0263488
005 20200513102341.7
041 0 |a eng 
044 |a UA 
245 1 0 |a Estimating the Ukrainian Companies’ Financial Potential and the Probability of Forced Liquidation  |c Liudmyla Burkova, Natalia Shura, Volodymyr Nusinov 
520 |a Metodika na odhadovanie možnosti likvidácie spoločnosti v dôsledku zavedenia konkurzného konania a na určenie finančného potenciálu spoločnosti založeného na ukrajinskej ekonomike. Štatistické zisťovania o činnosti ukrajinských spoločností. Štvorfaktorový model na odhadovanie možnosti likvidácie spoločností v konkurze. 
610 2 0 |a bankrot 
610 2 0 |a spoločnosť 
610 2 0 |a pravdepodobnosť 
610 2 0 |a likvidácia 
610 2 0 |a modely ekonomické 
610 2 0 |a Ukrajina 
100 1 |a Burkova, Liudmyla 
700 1 |a Shura, Natalia 
700 1 |a Nusinov, Volodymyr